Sofa oder Nase? Knacke den Code - Statistiken

Allgemein
  • Dieses Quiz wurde 239 mal gespielt
  • Das Durchschnittsergebnis liegt bei 3 aus 8
Antwortstatistiken
Frage Antwort % Korrekt
VRID SOFA
75%
▄ ▄ ▄       ▄▄▄ ▄▄▄ ▄▄▄        ▄ ▄ ▄▄▄ ▄        ▄ ▄▄▄ SOFA
71%
AD   IP   DG   ⇩S SOFA
42%
9.   10.    2.    8. SOFA
37%
9  8  6  1 NASE
32%
x:(-y)  20:00  30:5  40:40 NASE
31%
Aufgabe  Praktikum  Hobby  Beruf NASE
26%
.kr   .ca   .sl   .nl SOFA
25%
Keine übereinstimmenden Quizze gefunden
Verteilung der Resultate
Anzahl Personen mit jedem Resultat
Perzentil nach korrekt beantworteten Fragen
Ihre Resultats-Entwicklung
Sie haben dieses Quiz noch nicht gespielt